Complete the Movie Title: Netflix Quiz Stats

 Plays Quiz not verified by Sporcle

Support Sporcle.
Go Orange.
Score 0/30 Timer 05:00
0 Plays Today
% Correct
Before
88%
After
86.5%
Met
86.4%
Booth
85.7%
Box
78.9%
Love
76.6%
Mystery
69.5%
Up
69.5%
Loser
68.5%
Over
66.8%
Girl
66.3%
Night
63.1%
Country
58.3%
Bandersnatch
55.9%
You
53.8%
% Correct
Society
51.7%
Strangelove
50.6%
Sisters
49%
Caring
46.6%
Maybe
45.8%
Summer
45.3%
Date
44.1%
Bone
42.4%
Switch
42%
High
39.4%
Obsession
37%
Of
33.8%
Prince
31.6%
Calendar
30.3%
Evil
17.2%

You're not logged in!

Compare scores with friends on all Sporcle quizzes.
OR
Log In

From the Vault

No Hint Sorting Gallery: Science

by armadilloking

You may want to take some time to read through all the buttons before you feel brave enough to click anything.
Remove Ads.
Support Sporcle.
Get the best of Sporcle when you Go Orange. This ad-free experience offers more features, more stats, and more fun while also helping to support Sporcle. Thank you for becoming a member.

Show Comments

Extras

Created Sep 22, 2019ReportNominate
Tags:Movie Titles Quiz, Netflix

Top Quizzes Today


Score Distribution

Your Account Isn't Verified!

In order to create a playlist on Sporcle, you need to verify the email address you used during registration. Go to your Sporcle Settings to finish the process.

Report this User

Report this user for behavior that violates our Community Guidelines.

Details: